| Tag |
First Indicator |
Second Indicator |
Subfields |
| LEADER |
00000nam a2200000Ia 4500 |
| 001 |
in00004297913 |
| 005 |
20200810082437.0 |
| 006 |
m g d |
| 007 |
cr bn |||a|bb| |
| 008 |
860331s1700 enk o 00| | eng d |
| 035 |
|
|
|a (OCoLC)13364581
|
| 040 |
|
|
|a EAA
|c EAA
|d m/c
|d UMI
|d WaOLN
|
| 037 |
|
|
|a CL0037000013
|b ProQuest Information and Learning. 300 N. Zeeb Rd., Ann Arbor, MI 48106
|
| 041 |
1 |
|
|a eng
|h fre
|
| 049 |
|
|
|a UMIA
|
| 100 |
1 |
|
|a Le Clerc, Jean,
|d 1657-1736.
|
| 240 |
1 |
0 |
|a Parrhasiana.
|l English
|
| 245 |
1 |
0 |
|a Parrhasiana, or, Thoughts upon several subjects, as criticism, history, morality, and politics /
|c by Monsieur Le Clerk ... ; done into English by ****
|
| 260 |
|
|
|a London :
|b Printed for A. and J. Churchil ...,
|c 1700.
|
| 300 |
|
|
|a 1 online resource ([8], 304 (id est 312) pages)
|
| 336 |
|
|
|a text
|b txt
|2 rdacontent
|
| 337 |
|
|
|a computer
|b c
|2 rdamedia
|
| 338 |
|
|
|a online resource
|b cr
|2 rdacarrier
|
| 500 |
|
|
|a Reproduction of original in Cambridge University Library.
|
| 510 |
4 |
|
|a Wing
|c L823
|
| 533 |
|
|
|a Electronic reproduction.
|b Ann Arbor, Mich. :
|c UMI,
|d 1999-
|f (Early English books online)
|n Digital version of: (Early English books, 1641-1700 ; 462:6)
|7 s1999 miun s
|
| 650 |
|
0 |
|a Aphorisms and apothegms
|v Early works to 1800.
|
| 650 |
|
0 |
|a Literature
|x History and criticism.
|
| 740 |
0 |
|
|a Parrhasiana.
|
| 740 |
0 |
|
|a Thoughts upon several subjects.
|
| 830 |
|
0 |
|a Early English books online.
|
| 856 |
4 |
0 |
|u http://proxy.library.tamu.edu/login?url=https://search.proquest.com/docview/2240872997
|z Connect to the full text of this electronic book
|t 0
|
| 999 |
f |
f |
|s eabc5ebf-91bc-35a8-94b4-0ff352ffb632
|i a8ba9d5e-dc31-32b2-afd3-acf13cff0256
|t 0
|
| 952 |
f |
f |
|a Texas A&M University
|b College Station
|c Electronic Resources
|d Available Online
|t 0
|h No information provided
|
| 998 |
f |
f |
|t 0
|l Available Online
|